| 000 | 01853nam a22002657a 4500 | ||
|---|---|---|---|
| 005 | 20150421125119.0 | ||
| 010 | _aENG-112318 | ||
| 020 |
_a9788121512794 _c1195.00 |
||
| 035 | _aEN-95850 | ||
| 037 | _bDBAD/PUB | ||
| 082 | _a193 | ||
| 100 | _aCross, Stephen | ||
| 245 |
_aSchopenhauer's encounter with Indian thought : _cby Stephen Cross _brepresentation and will and their Indian parallels / |
||
| 260 |
_aNew Delhi _bMunshiram Manoharlal Publishers _c2014 |
||
| 270 |
_aPO Box 5715,54 Rani Jhansi Road, _bNew Delhi _e110055 |
||
| 300 |
_axiv, 287p. _c25cm(Hb) |
||
| 500 | _aIncludes bibliographical references (pages 265-274) and index. | ||
| 505 | _aSchopenhauer in context : the "oriental renaissance" -- Schopenhauer’s Indian sources : Hinduism -- Schopenhauer’s Indian sources : Buddhism -- "Representation" : Schopenhauer and the reality-status of the world -- The reality-status of the empirical world : the Mādhyamika teaching -- Advaita Vedānta : the world as illusory appearance -- Conclusions : Schopenhauer’s Representation and its Indian affinities -- Schopenhauer’s conception of the world as will -- Schopenhauer : the will in its general forms (ideas) -- Metaphysical factors behind the empirical world : Advaita Vedānta -- The arising of the empirical world in Buddhism : the Yogācāra teaching -- Conclusions : Schopenhauer’s will and comparable Indian ideas -- The ontological status of will -- Beyond the will : "better consciousness" and the "pure subject of knowing" -- The hidden compass : Schopenhauer and the limits of philosophy --Schopenhauer and Indian thought. | ||
| 600 |
_aSchopenhauer, Arthur, _d1788-1860. |
||
| 650 | _a Hindu philosophy. | ||
| 650 | _aBuddhist philosophy. | ||
| 650 | _aWill. | ||
| 650 | _a Representation (Philosophy) | ||
| 942 |
_2ddc _cEN _mCRO _h193 |
||
| 999 |
_c92072 _d92072 |
||